[Event "DVM U20 2022"]
[Site "Münster GER"]
[Date "2022.12.28"]
[Round "4"]
[White "Borodaev, Roman"]
[Black "Astner, Sebastian"]
[Result "0-1"]
[Termination "normal"]
[Board "5.4"]
[WhiteElo "1678"]
[BlackElo "1973"]
[WhiteClock "00:01:19"]
[BlackClock "00:04:53"]
[WhiteTeam "Karlsruher SF 1853"]
[BlackTeam "FC Ergolding 1932 e.V."]
[PlyCount "72"]
[WhiteFideId "16274881"]
[BlackFideId "12979422"]
[EventCountry "GER"]
[EventRounds "7"]
[EventType "team-swiss"]
[EventDate "2022.12.26"]

1. e4 {[%clk 01:30:59]} c6 {[%clk 01:30:55]} {[%emt 00:00:05]} 2. d4 {[%clk
01:31:26]} {[%emt 00:00:03]} d5 {[%clk 01:31:21]} {[%emt 00:00:04]} 3. exd5
{[%clk 01:31:54]} {[%emt 00:00:03]} cxd5 {[%clk 01:31:46]} {[%emt 00:00:05]} 4.
Bd3 {[%clk 01:32:21]} {[%emt 00:00:03]} Nf6 {[%clk 01:32:01]} {[%emt 00:00:15]}
5. h3 {[%clk 01:32:01]} {[%emt 00:00:50]} Nc6 {[%clk 01:31:18]} {[%emt
00:01:12]} 6. c3 {[%clk 01:32:25]} {[%emt 00:00:07]} e5 {[%clk 01:29:06]}
{[%emt 00:02:42]} 7. dxe5 {[%clk 01:32:29]} {[%emt 00:00:26]} Nxe5 {[%clk
01:29:20]} {[%emt 00:00:15]} 8. Bc2 {[%clk 01:32:36]} {[%emt 00:00:24]} Bc5
{[%clk 01:26:04]} {[%emt 00:03:46]} 9. Ne2 {[%clk 01:30:59]} {[%emt 00:02:06]}
O-O {[%clk 01:22:44]} {[%emt 00:03:49]} 10. O-O {[%clk 01:30:28]} {[%emt
00:01:02]} Ne4 {[%clk 01:01:28]} {[%emt 00:21:47]} 11. Nd2 {[%clk 00:54:03]}
{[%emt 00:36:55]} f5 {[%clk 00:47:27]} {[%emt 00:14:30]} 12. Nxe4 {[%clk
00:46:47]} {[%emt 00:07:46]} dxe4 {[%clk 00:43:54]} {[%emt 00:04:03]} 13. Qxd8
{[%clk 00:47:09]} {[%emt 00:00:08]} Rxd8 {[%clk 00:44:17]} {[%emt 00:00:07]}
14. Bg5 {[%clk 00:47:24]} {[%emt 00:00:15]} Re8 {[%clk 00:43:21]} {[%emt
00:01:26]} 15. Ba4 {[%clk 00:38:00]} {[%emt 00:09:54]} Bd7 {[%clk 00:41:49]}
{[%emt 00:02:02]} 16. Bxd7 {[%clk 00:38:19]} {[%emt 00:00:11]} Nxd7 {[%clk
00:42:17]} {[%emt 00:00:01]} 17. Rad1 {[%clk 00:38:37]} {[%emt 00:00:12]} Ne5
{[%clk 00:37:00]} {[%emt 00:05:46]} 18. Rd5 {[%clk 00:35:43]} {[%emt 00:03:23]}
Bb6 {[%clk 00:36:08]} {[%emt 00:01:23]} 19. b3 {[%clk 00:30:19]} {[%emt
00:05:55]} g6 {[%clk 00:34:44]} {[%emt 00:01:54]} 20. Bf6 {[%clk 00:27:41]}
{[%emt 00:03:08]} Bc7 {[%clk 00:24:23]} {[%emt 00:10:50]} 21. Bxe5 {[%clk
00:18:10]} {[%emt 00:10:01]} Bxe5 {[%clk 00:24:26]} {[%emt 00:00:28]} 22. Rd7
{[%clk 00:18:20]} {[%emt 00:00:21]} b6 {[%clk 00:20:41]} {[%emt 00:04:15]} 23.
Rfd1 {[%clk 00:18:22]} {[%emt 00:00:27]} a5 {[%clk 00:20:28]} {[%emt 00:00:43]}
24. Rb7 {[%clk 00:16:07]} {[%emt 00:02:45]} Rad8 {[%clk 00:19:01]} {[%emt
00:01:56]} 25. Rbd7 {[%clk 00:11:40]} {[%emt 00:04:58]} Rxd7 {[%clk 00:17:57]}
{[%emt 00:01:34]} 26. Rxd7 {[%clk 00:12:08]} {[%emt 00:00:01]} Rc8 {[%clk
00:17:59]} {[%emt 00:00:28]} 27. c4 {[%clk 00:12:25]} {[%emt 00:00:13]} a4
{[%clk 00:15:55]} {[%emt 00:02:34]} 28. Rd5 {[%clk 00:08:28]} {[%emt 00:04:27]}
axb3 {[%clk 00:13:42]} {[%emt 00:02:43]} 29. axb3 {[%clk 00:08:53]} {[%emt
00:00:04]} Bb2 {[%clk 00:12:32]} {[%emt 00:01:40]} 30. Kh2 {[%clk 00:03:18]}
{[%emt 00:06:06]} Ba3 {[%clk 00:11:15]} {[%emt 00:01:46]} 31. Kg3 {[%clk
00:03:14]} {[%emt 00:00:33]} Bc5 {[%clk 00:10:55]} {[%emt 00:00:51]} 32. Nd4
{[%clk 00:02:08]} {[%emt 00:01:37]} Ra8 {[%emt 00:02:58]} 33. Ne6 {[%clk
00:01:39]} {[%emt 00:00:47]} Bb4 {[%clk 00:08:49]} {[%emt 00:00:20]} 34. f3
{[%clk 00:00:36]} {[%emt 00:01:33]} Re8 {[%clk 00:04:17]} {[%emt 00:05:01]} 35.
Rd8 {[%clk 00:00:53]} {[%emt 00:00:13]} Rxd8 {[%clk 00:04:29]} {[%emt
00:00:19]} 36. Nxd8 {[%clk 00:01:19]} {[%emt 00:00:04]} e3 {[%clk 00:04:53]}
{[%emt 00:00:06]} 0-1

[Event "DVM U20 2022"]
[Site "Münster GER"]
[Date "2022.12.28"]
[Round "4"]
[White "Ponomarev, Maximilian"]
[Black "Scheifel, Maximilian"]
[Result "1-0"]
[Termination "normal"]
[Board "5.5"]
[WhiteElo "1917"]
[BlackElo "1561"]
[WhiteClock "01:15:17"]
[BlackClock "01:11:58"]
[WhiteTeam "FC Ergolding 1932 e.V."]
[BlackTeam "Karlsruher SF 1853"]
[PlyCount "33"]
[WhiteFideId "16216768"]
[BlackFideId "16279433"]
[EventCountry "GER"]
[EventRounds "7"]
[EventType "team-swiss"]
[EventDate "2022.12.26"]

1. e4 {[%clk 01:30:59]} {[%emt 00:00:01]} c6 {[%clk 01:30:50]} {[%emt
00:00:11]} 2. d4 {[%clk 01:31:24]} {[%emt 00:00:05]} d5 {[%clk 01:31:16]}
{[%emt 00:00:04]} 3. Nc3 {[%clk 01:31:50]} {[%emt 00:00:04]} dxe4 {[%clk
01:31:40]} {[%emt 00:00:06]} 4. Nxe4 {[%clk 01:32:09]} {[%emt 00:00:11]} Nf6
{[%clk 01:32:01]} {[%emt 00:00:09]} 5. Nxf6 {[%clk 01:32:31]} {[%emt 00:00:08]}
exf6 {[%clk 01:32:30]} {[%emt 00:00:01]} 6. c3 {[%clk 01:30:22]} {[%emt
00:02:39]} Bd6 {[%clk 01:32:13]} {[%emt 00:00:46]} 7. Bd3 {[%clk 01:30:42]}
{[%emt 00:00:11]} O-O {[%clk 01:32:32]} {[%emt 00:00:11]} 8. Ne2 {[%clk
01:31:09]} {[%emt 00:00:04]} Qc7 {[%clk 01:32:47]} {[%emt 00:00:14]} 9. Be3
{[%clk 01:28:41]} {[%emt 00:02:58]} Re8 {[%clk 01:31:32]} {[%emt 00:01:44]} 10.
Qc2 {[%clk 01:28:54]} {[%emt 00:00:18]} h5 {[%clk 01:30:02]} {[%emt 00:02:01]}
11. O-O-O {[%clk 01:28:59]} {[%emt 00:00:25]} b5 {[%clk 01:29:35]} {[%emt
00:00:56]} 12. Ng3 {[%clk 01:24:52]} {[%emt 00:04:36]} h4 {[%clk 01:28:36]}
{[%emt 00:01:31]} 13. Nf5 {[%clk 01:23:46]} {[%emt 00:01:35]} Bf4 {[%clk
01:19:06]} {[%emt 00:10:00]} 14. g3 {[%clk 01:20:54]} {[%emt 00:03:23]} Bxe3
{[%clk 01:19:05]} {[%emt 00:00:30]} 15. Nxe3 {[%clk 01:20:57]} {[%emt
00:00:27]} h3 {[%clk 01:19:20]} {[%emt 00:00:15]} 16. Rhe1 {[%clk 01:16:54]}
{[%emt 00:04:33]} a5 {[%clk 01:11:58]} {[%emt 00:07:52]} 17. Nd5 {[%clk
01:15:17]} {[%emt 00:02:07]} 1-0

[Event "DVM U20 2022"]
[Site "Münster GER"]
[Date "2022.12.28"]
[Round "4"]
[White "Gülsen, Sinan Yilmaz"]
[Black "Helmbrecht, Paul"]
[Result "1/2-1/2"]
[Termination "normal"]
[Board "5.6"]
[WhiteElo "1147"]
[BlackElo "1681"]
[WhiteClock "00:15:22"]
[BlackClock "00:16:46"]
[WhiteTeam "Karlsruher SF 1853"]
[BlackTeam "FC Ergolding 1932 e.V."]
[PlyCount "132"]
[WhiteFideId "34606017"]
[BlackFideId "16270932"]
[EventCountry "GER"]
[EventRounds "7"]
[EventType "team-swiss"]
[EventDate "2022.12.26"]

1. d4 {[%clk 01:30:58]} {[%emt 01:25:31]} Nf6 {[%clk 01:30:49]} 2. Nf3 {[%clk
01:31:15]} {[%emt 00:00:24]} e6 {[%clk 01:30:59]} {[%emt 00:00:20]} 3. c4
{[%clk 01:31:11]} {[%emt 00:00:34]} d5 {[%clk 01:31:06]} {[%emt 00:00:23]} 4.
g3 {[%clk 01:31:16]} {[%emt 00:00:24]} Be7 {[%clk 01:30:36]} {[%emt 00:01:00]}
5. Bg2 {[%clk 01:31:31]} {[%emt 00:00:16]} O-O {[%clk 01:30:59]} {[%emt
00:00:07]} 6. O-O {[%clk 01:31:41]} {[%emt 00:00:20]} c6 {[%clk 01:30:05]}
{[%emt 00:01:24]} 7. Qc2 {[%clk 01:31:08]} {[%emt 00:01:03]} Nbd7 {[%clk
01:29:56]} {[%emt 00:00:39]} 8. b3 {[%clk 01:30:50]} {[%emt 00:00:47]} Ne4
{[%clk 01:29:37]} {[%emt 00:00:49]} 9. Nc3 {[%clk 01:29:57]} {[%emt 00:01:24]}
f5 {[%clk 01:29:09]} {[%emt 00:00:58]} 10. Rd1 {[%clk 01:22:28]} {[%emt
00:07:58]} Ndf6 {[%clk 01:26:18]} {[%emt 00:03:21]} 11. Ne5 {[%clk 01:20:11]}
{[%emt 00:02:48]} Bd6 {[%clk 01:25:29]} {[%emt 00:01:19]} 12. f3 {[%clk
01:20:15]} {[%emt 00:00:27]} Nxc3 {[%clk 01:25:50]} {[%emt 00:00:09]} 13. Qxc3
{[%clk 01:20:38]} {[%emt 00:00:07]} Qe7 {[%clk 01:23:28]} {[%emt 00:02:51]} 14.
Be3 {[%clk 01:16:07]} {[%emt 00:05:01]} Bd7 {[%clk 01:19:23]} {[%emt 00:04:36]}
15. a3 {[%clk 01:13:49]} {[%emt 00:02:49]} Rfb8 {[%clk 00:57:07]} {[%emt
00:22:46]} 16. Nd3 {[%clk 00:59:20]} {[%emt 00:14:59]} dxc4 {[%clk 00:52:14]}
{[%emt 00:05:23]} 17. bxc4 {[%clk 00:58:28]} {[%emt 00:01:23]} b5 {[%clk
00:52:33]} {[%emt 00:00:11]} 18. c5 {[%clk 00:52:21]} {[%emt 00:06:37]} Bc7
{[%clk 00:52:53]} {[%emt 00:00:09]} 19. Bf4 {[%clk 00:50:42]} {[%emt 00:02:08]}
Nd5 {[%clk 00:52:01]} {[%emt 00:01:22]} 20. Qd2 {[%clk 00:50:14]} {[%emt
00:00:58]} Nxf4 {[%clk 00:49:39]} {[%emt 00:02:53]} 21. gxf4 {[%clk 00:46:30]}
{[%emt 00:04:15]} a5 {[%clk 00:45:25]} {[%emt 00:04:44]} 22. e3 {[%clk
00:43:23]} {[%emt 00:03:37]} Kh8 {[%clk 00:44:34]} {[%emt 00:01:22]} 23. Ra2
{[%clk 00:42:03]} {[%emt 00:01:51]} Rg8 {[%clk 00:42:28]} {[%emt 00:02:36]} 24.
Qb2 {[%clk 00:38:55]} {[%emt 00:03:38]} g5 {[%clk 00:39:29]} {[%emt 00:03:29]}
25. d5 {[%clk 00:38:52]} {[%emt 00:00:33]} Qg7 {[%clk 00:37:37]} {[%emt
00:02:21]} 26. d6 {[%clk 00:39:08]} {[%emt 00:00:15]} Bd8 {[%emt 00:00:40]} 27.
fxg5 {[%clk 00:34:24]} {[%emt 00:05:06]} Bxg5 {[%clk 00:37:08]} {[%emt
00:00:57]} 28. Qxg7 {[%clk 00:34:43]} {[%emt 00:00:10]} Rxg7 {[%clk 00:37:31]}
{[%emt 00:00:06]} 29. f4 {[%clk 00:34:35]} {[%emt 00:00:38]} Bf6 {[%clk
00:37:49]} {[%emt 00:00:13]} 30. Kh1 {[%clk 00:33:46]} {[%emt 00:01:19]} Rag8
{[%clk 00:37:17]} {[%emt 00:01:02]} 31. Bf3 {[%clk 00:33:22]} {[%emt 00:00:53]}
Bc3 {[%clk 00:33:48]} {[%emt 00:03:59]} 32. Rg2 {[%clk 00:28:05]} {[%emt
00:05:47]} Rxg2 {[%clk 00:33:18]} {[%emt 00:01:01]} 33. Bxg2 {[%clk 00:28:31]}
{[%emt 00:00:03]} b4 {[%clk 00:33:04]} {[%emt 00:00:45]} 34. axb4 {[%clk
00:27:31]} {[%emt 00:01:30]} axb4 {[%clk 00:33:21]} {[%emt 00:00:13]} 35. Rb1
{[%clk 00:27:47]} {[%emt 00:00:14]} Rb8 {[%clk 00:28:14]} {[%emt 00:05:37]} 36.
Kg1 {[%clk 00:26:30]} {[%emt 00:01:47]} Kg7 {[%clk 00:28:19]} {[%emt 00:00:25]}
37. Kf2 {[%clk 00:26:50]} {[%emt 00:00:11]} Kf6 {[%clk 00:27:51]} {[%emt
00:00:59]} 38. Ke2 {[%clk 00:25:35]} {[%emt 00:01:44]} Rb5 {[%clk 00:27:28]}
{[%emt 00:00:53]} 39. Kd1 {[%clk 00:24:14]} {[%emt 00:01:51]} b3 {[%clk
00:25:57]} {[%emt 00:02:01]} 40. Nc1 {[%clk 00:19:03]} {[%emt 00:05:41]} Bb4
{[%clk 00:24:23]} {[%emt 00:02:04]} 41. Nxb3 {[%clk 00:15:47]} {[%emt
00:03:46]} e5 {[%clk 00:21:28]} {[%emt 00:03:25]} 42. fxe5 {[%emt 00:00:48]}
Kxe5 {[%clk 00:21:36]} {[%emt 00:00:20]} 43. Nd4 {[%clk 00:15:47]} {[%emt
00:00:14]} Bxc5 {[%clk 00:20:50]} {[%emt 00:01:16]} 44. Nxb5 {[%clk 00:13:34]}
{[%emt 00:02:43]} cxb5 {[%clk 00:21:14]} {[%emt 00:00:05]} 45. Kd2 {[%clk
00:09:43]} {[%emt 00:04:21]} Kxd6 {[%clk 00:18:44]} {[%emt 00:03:00]} 46. Bf1
{[%clk 00:05:19]} {[%emt 00:04:55]} b4 {[%clk 00:18:35]} {[%emt 00:00:38]} 47.
Bc4 {[%clk 00:05:34]} {[%emt 00:00:14]} Bc6 {[%clk 00:18:09]} {[%emt 00:00:57]}
48. Ke2 {[%clk 00:05:24]} {[%emt 00:00:40]} Be4 {[%clk 00:17:29]} {[%emt
00:01:10]} 49. Bd3 {[%clk 00:05:18]} {[%emt 00:00:37]} Kd5 {[%clk 00:17:10]}
{[%emt 00:00:47]} 50. Rg1 {[%clk 00:04:16]} {[%emt 00:01:30]} h5 {[%clk
00:09:23]} {[%emt 00:08:18]} 51. Rg7 {[%clk 00:30:28]} {[%emt 00:04:18]} Bd6
{[%clk 00:37:33]} {[%emt 00:02:21]} 52. h3 {[%clk 00:28:54]} {[%emt 00:02:04]}
h4 {[%clk 00:26:13]} {[%emt 00:11:50]} 53. Rh7 {[%clk 00:27:51]} {[%emt
00:01:32]} Bg3 {[%clk 00:25:50]} {[%emt 00:00:53]} 54. Rb7 {[%clk 00:27:24]}
{[%emt 00:00:57]} Bd6 {[%clk 00:25:06]} {[%emt 00:01:15]} 55. Rd7 {[%clk
00:24:36]} {[%emt 00:03:17]} Kc5 {[%clk 00:21:38]} {[%emt 00:03:58]} 56. Bxe4
{[%clk 00:24:22]} {[%emt 00:00:45]} fxe4 {[%clk 00:21:54]} {[%emt 00:00:14]}
57. Rh7 {[%clk 00:24:30]} {[%emt 00:00:22]} b3 {[%clk 00:21:52]} {[%emt
00:00:32]} 58. Kd2 {[%clk 00:21:37]} {[%emt 00:03:23]} Kc4 {[%clk 00:15:09]}
{[%emt 00:07:13]} 59. Rxh4 {[%clk 00:19:35]} {[%emt 00:02:31]} b2 {[%clk
00:15:33]} {[%emt 00:00:06]} 60. Kc2 {[%clk 00:19:28]} {[%emt 00:00:37]} b1=Q
{[%clk 00:15:50]} {[%emt 00:00:13]} 61. Kxb1 {[%clk 00:19:28]} {[%emt
00:00:30]} Kd3 {[%clk 00:16:15]} {[%emt 00:00:06]} 62. Kc1 {[%clk 00:17:51]}
{[%emt 00:02:07]} Kxe3 {[%clk 00:16:38]} {[%emt 00:00:06]} 63. Kd1 {[%clk
00:18:11]} {[%emt 00:00:09]} Kf3 {[%clk 00:17:04]} {[%emt 00:00:04]} 64. Rh6
{[%clk 00:15:13]} {[%emt 00:03:27]} Bg3 {[%clk 00:16:34]} {[%emt 00:01:01]} 65.
Re6 {[%clk 00:15:29]} {[%emt 00:00:14]} Kg2 {[%clk 00:16:34]} {[%emt 00:00:28]}
66. Rxe4 {[%clk 00:15:22]} {[%emt 00:00:38]} Kxh3 {[%clk 00:16:46]} {[%emt
00:00:18]} 1/2-1/2

[Event "DVM U20 2022"]
[Site "Münster GER"]
[Date "2022.12.28"]
[Round "4"]
[White "Schubert, Nikita"]
[Black "Weidemann, Jakob"]
[Result "0-1"]
[Termination "normal"]
[Board "6.1"]
[WhiteElo "1939"]
[BlackElo "2169"]
[WhiteClock "00:04:55"]
[BlackClock "00:16:11"]
[WhiteTeam "ESV Gera"]
[BlackTeam "Schachklub Münster 32 e. V."]
[PlyCount "92"]
[WhiteFideId "16212339"]
[BlackFideId "16255470"]
[EventCountry "GER"]
[EventRounds "7"]
[EventType "team-swiss"]
[EventDate "2022.12.26"]

1. d4 {[%clk 01:30:57]} {[%emt 00:00:02]} Nf6 {[%clk 01:30:51]} {[%emt
00:00:08]} 2. c4 {[%clk 01:31:24]} {[%emt 00:00:04]} e6 {[%clk 01:31:10]}
{[%emt 00:00:11]} 3. Nf3 {[%clk 01:31:43]} {[%emt 00:00:12]} d5 {[%clk
01:31:27]} {[%emt 00:00:12]} 4. g3 {[%clk 01:32:05]} {[%emt 00:00:08]} dxc4
{[%clk 01:31:42]} {[%emt 00:00:15]} 5. Bg2 {[%clk 01:32:27]} {[%emt 00:00:08]}
Nc6 {[%clk 01:32:01]} {[%emt 00:00:11]} 6. Qa4 {[%clk 01:31:51]} {[%emt
00:01:06]} Bb4 {[%clk 01:32:07]} {[%emt 00:00:23]} 7. Bd2 {[%clk 01:30:47]}
{[%emt 00:01:35]} Nd5 {[%clk 01:32:26]} {[%emt 00:00:11]} 8. Bxb4 {[%clk
01:25:04]} {[%emt 00:06:13]} Ndxb4 {[%clk 01:32:41]} {[%emt 00:00:14]} 9. a3
{[%clk 01:13:55]} {[%emt 00:11:40]} b5 {[%clk 01:26:17]} {[%emt 00:06:54]} 10.
Qd1 {[%clk 01:11:13]} {[%emt 00:03:12]} Nd5 {[%clk 01:24:20]} {[%emt 00:02:27]}
11. e4 {[%clk 01:11:20]} {[%emt 00:00:23]} Nf6 {[%clk 01:19:47]} {[%emt
00:05:03]} 12. Nc3 {[%clk 01:11:38]} {[%emt 00:00:13]} Rb8 {[%clk 01:19:17]}
{[%emt 00:00:59]} 13. O-O {[%clk 01:07:45]} {[%emt 00:04:23]} O-O {[%clk
01:17:03]} {[%emt 00:02:43]} 14. Re1 {[%clk 01:06:50]} {[%emt 00:01:26]} Na5
{[%clk 01:14:27]} {[%emt 00:03:06]} 15. Qc2 {[%clk 01:02:08]} {[%emt 00:05:11]}
Nb3 {[%clk 01:13:13]} {[%emt 00:01:44]} 16. Rad1 {[%clk 01:02:30]} {[%emt
00:00:09]} c6 {[%clk 01:13:19]} {[%emt 00:00:24]} 17. e5 {[%clk 00:59:15]}
{[%emt 00:03:45]} Nd5 {[%clk 01:09:55]} {[%emt 00:03:53]} 18. Ne4 {[%clk
00:59:15]} {[%emt 00:00:30]} h6 {[%clk 01:04:59]} {[%emt 00:05:26]} 19. h4
{[%clk 00:50:32]} {[%emt 00:09:14]} Qe7 {[%clk 00:59:44]} {[%emt 00:05:45]} 20.
Nd6 {[%clk 00:34:47]} {[%emt 00:16:16]} Bd7 {[%clk 00:46:52]} {[%emt 00:13:21]}
21. Nh2 {[%clk 00:23:47]} {[%emt 00:11:30]} f5 {[%clk 00:44:36]} {[%emt
00:02:47]} 22. Nf1 {[%clk 00:18:35]} {[%emt 00:05:42]} Be8 {[%clk 00:43:20]}
{[%emt 00:01:45]} 23. Bf3 {[%clk 00:18:02]} {[%emt 00:01:04]} g5 {[%clk
00:38:19]} {[%emt 00:05:30]} 24. hxg5 {[%clk 00:16:53]} {[%emt 00:01:39]} Qxg5
{[%clk 00:37:17]} {[%emt 00:01:32]} 25. Kh1 {[%clk 00:08:34]} {[%emt 00:08:49]}
Bg6 {[%clk 00:30:07]} {[%emt 00:07:40]} 26. Nh2 {[%clk 00:05:39]} {[%emt
00:03:26]} f4 {[%clk 00:25:17]} {[%emt 00:05:20]} 27. Ne4 {[%clk 00:05:59]}
{[%emt 00:00:10]} Bxe4 {[%clk 00:24:43]} {[%emt 00:01:04]} 28. Rxe4 {[%clk
00:05:18]} {[%emt 00:01:11]} Kh8 {[%clk 00:16:19]} {[%emt 00:08:54]} 29. gxf4
{[%clk 00:05:41]} {[%emt 00:00:08]} Rxf4 {[%clk 00:16:01]} {[%emt 00:00:47]}
30. Rg1 {[%clk 00:05:33]} {[%emt 00:00:38]} Qe7 {[%clk 00:14:54]} {[%emt
00:01:36]} 31. Rxf4 {[%clk 00:03:02]} {[%emt 00:03:02]} Nxf4 {[%clk 00:15:13]}
{[%emt 00:00:11]} 32. Rg4 {[%clk 00:01:39]} {[%emt 00:01:53]} Rf8 {[%clk
00:12:25]} {[%emt 00:03:18]} 33. Qe4 {[%clk 00:00:53]} {[%emt 00:01:16]} Nd2
{[%clk 00:10:18]} {[%emt 00:02:37]} 34. Qe3 {[%clk 00:01:21]} {[%emt 00:00:02]}
Nxf3 {[%clk 00:09:45]} {[%emt 00:01:02]} 35. Nxf3 {[%clk 00:01:45]} {[%emt
00:00:06]} Nd5 {[%clk 00:05:20]} {[%emt 00:04:55]} 36. Qxh6 {[%clk 00:02:14]}
{[%emt 00:00:02]} Qh7 {[%clk 00:05:49]} {[%emt 00:00:01]} 37. Qxh7 {[%clk
00:02:27]} {[%emt 00:00:17]} Kxh7 {[%clk 00:06:11]} {[%emt 00:00:07]} 38. Ng5
{[%clk 00:00:51]} {[%emt 00:02:07]} Kh6 {[%clk 00:05:30]} {[%emt 00:01:11]} 39.
Kg2 {[%clk 00:00:38]} {[%emt 00:00:42]} Rf4 {[%clk 00:03:25]} {[%emt 00:02:36]}
40. Rg3 {[%clk 00:00:39]} {[%emt 00:00:29]} Rxd4 {[%clk 00:00:57]} {[%emt
00:02:56]} 41. Nxe6 {[%clk 00:18:14]} {[%emt 00:12:55]} Rd2 {[%clk 00:25:50]}
{[%emt 00:05:36]} 42. Kf1 {[%clk 00:09:26]} {[%emt 00:09:19]} Rxb2 {[%clk
00:23:31]} {[%emt 00:02:49]} 43. Ke1 {[%clk 00:07:54]} {[%emt 00:02:02]} c3
{[%clk 00:17:30]} {[%emt 00:06:31]} 44. Kd1 {[%clk 00:07:12]} {[%emt 00:01:12]}
Rxf2 {[%clk 00:16:59]} {[%emt 00:01:01]} 45. Kc1 {[%clk 00:06:08]} {[%emt
00:01:35]} b4 {[%clk 00:16:21]} {[%emt 00:01:07]} 46. axb4 {[%clk 00:04:55]}
{[%emt 00:01:43]} Nxb4 {[%clk 00:16:11]} {[%emt 00:00:39]} *

[Event "DVM U20 2022"]
[Site "Münster GER"]
[Date "2022.12.28"]
[Round "4"]
[White "Kamp, Adrian"]
[Black "Helmsdorf, Marius"]
[Result "1-0"]
[Termination "normal"]
[Board "6.2"]
[WhiteElo "1979"]
[BlackElo "1657"]
[WhiteClock "00:28:45"]
[BlackClock "00:01:58"]
[WhiteTeam "Schachklub Münster 32 e. V."]
[BlackTeam "ESV Gera"]
[PlyCount "76"]
[WhiteFideId "16222466"]
[BlackFideId "16274873"]
[EventCountry "GER"]
[EventRounds "7"]
[EventType "team-swiss"]
[EventDate "2022.12.26"]

1. c4 {[%clk 01:30:56]} {[%emt 00:00:03]} e5 {[%clk 01:30:53]} {[%emt
00:00:08]} 2. Nc3 {[%clk 01:31:14]} {[%emt 00:00:12]} Nf6 {[%clk 01:31:20]}
{[%emt 00:00:03]} 3. g3 {[%clk 01:31:34]} {[%emt 00:00:10]} d5 {[%clk
01:31:46]} {[%emt 00:00:03]} 4. cxd5 {[%clk 01:31:41]} {[%emt 00:00:22]} Nxd5
{[%clk 01:32:13]} {[%emt 00:00:04]} 5. Bg2 {[%clk 01:31:44]} {[%emt 00:00:26]}
Nb6 {[%clk 01:32:37]} {[%emt 00:00:06]} 6. Nf3 {[%clk 01:31:23]} {[%emt
00:00:51]} Nc6 {[%clk 01:33:03]} {[%emt 00:00:05]} 7. O-O {[%clk 01:31:10]}
{[%emt 00:00:42]} Be6 {[%clk 01:32:13]} {[%emt 00:01:21]} 8. d3 {[%clk
01:30:21]} {[%emt 00:01:18]} Be7 {[%clk 01:30:19]} {[%emt 00:02:24]} 9. a3
{[%clk 01:29:08]} {[%emt 00:01:43]} a5 {[%clk 01:30:33]} {[%emt 00:00:16]} 10.
b3 {[%clk 01:25:18]} {[%emt 00:04:20]} O-O {[%clk 01:30:15]} {[%emt 00:00:49]}
11. Bb2 {[%clk 01:24:12]} {[%emt 00:01:35]} f5 {[%clk 01:28:06]} {[%emt
00:02:40]} 12. Rc1 {[%clk 01:22:30]} {[%emt 00:02:11]} e4 {[%clk 01:17:49]}
{[%emt 00:10:47]} 13. dxe4 {[%clk 01:17:10]} {[%emt 00:05:49]} Qxd1 {[%clk
01:17:54]} {[%emt 00:00:25]} 14. Nxd1 {[%clk 01:11:09]} {[%emt 00:06:30]} Bxb3
{[%clk 00:46:31]} {[%emt 00:31:54]} 15. exf5 {[%clk 01:09:55]} {[%emt
00:01:44]} Nc4 {[%clk 00:38:56]} {[%emt 00:08:06]} 16. Nd4 {[%clk 01:03:37]}
{[%emt 00:06:47]} Nxd4 {[%clk 00:28:21]} {[%emt 00:11:06]} 17. Bd5 {[%clk
01:01:21]} {[%emt 00:02:45]} Kh8 {[%clk 00:28:48]} {[%emt 00:00:04]} 18. Bxd4
{[%clk 00:58:02]} {[%emt 00:03:49]} Nd2 {[%clk 00:28:09]} {[%emt 00:01:09]} 19.
Bxb3 {[%clk 00:54:41]} {[%emt 00:03:51]} Nxb3 {[%clk 00:28:01]} {[%emt
00:00:39]} 20. Rxc7 {[%clk 00:54:57]} {[%emt 00:00:13]} Nxd4 {[%clk 00:27:10]}
{[%emt 00:01:21]} 21. Rxe7 {[%clk 00:55:13]} {[%emt 00:00:13]} Rxf5 {[%clk
00:26:41]} {[%emt 00:01:00]} 22. Nc3 {[%clk 00:50:41]} {[%emt 00:05:01]} Rc5
{[%clk 00:20:39]} {[%emt 00:06:32]} 23. Rd1 {[%clk 00:45:04]} {[%emt 00:06:07]}
Nc6 {[%clk 00:09:23]} {[%emt 00:11:46]} 24. Ne4 {[%clk 00:36:44]} {[%emt
00:08:49]} Rc2 {[%clk 00:09:39]} {[%emt 00:00:14]} 25. Rxb7 {[%clk 00:35:49]}
{[%emt 00:01:25]} Rxe2 {[%clk 00:10:01]} {[%emt 00:00:08]} 26. Nc3 {[%clk
00:34:28]} {[%emt 00:01:51]} Re7 {[%clk 00:08:50]} {[%emt 00:01:42]} 27. Rxe7
{[%clk 00:32:24]} {[%emt 00:02:33]} Nxe7 {[%clk 00:09:16]} {[%emt 00:00:04]}
28. Nb5 {[%clk 00:32:03]} {[%emt 00:00:51]} Kg8 {[%clk 00:07:40]} {[%emt
00:02:07]} 29. Rd7 {[%clk 00:31:33]} {[%emt 00:00:59]} Kf8 {[%clk 00:07:07]}
{[%emt 00:01:04]} 30. Nc7 {[%clk 00:29:45]} {[%emt 00:02:18]} Rb8 {[%clk
00:06:10]} {[%emt 00:01:28]} 31. Ne6 {[%clk 00:29:18]} {[%emt 00:00:56]} Kf7
{[%clk 00:01:13]} {[%emt 00:05:28]} 32. Nxg7 {[%clk 00:27:50]} {[%emt
00:01:58]} Kxg7 {[%clk 00:01:24]} {[%emt 00:00:19]} 33. Rxe7 {[%clk 00:28:10]}
{[%emt 00:00:10]} Kg6 {[%clk 00:01:49]} {[%emt 00:00:06]} 34. Re5 {[%clk
00:28:12]} {[%emt 00:00:28]} Ra8 {[%clk 00:02:04]} {[%emt 00:00:15]} 35. a4
{[%clk 00:28:23]} {[%emt 00:00:18]} Ra7 {[%clk 00:01:20]} {[%emt 00:01:15]} 36.
Kg2 {[%clk 00:28:17]} {[%emt 00:00:35]} Ra8 {[%clk 00:01:36]} {[%emt 00:00:14]}
37. f4 {[%clk 00:28:30]} {[%emt 00:00:17]} Rc8 {[%clk 00:01:36]} {[%emt
00:00:30]} 38. Rxa5 {[%clk 00:28:45]} {[%emt 00:00:14]} Rc2 {[%clk 00:01:58]}
{[%emt 00:00:06]} 1-0